• 首页
  • 本馆介绍
  • 公告通知
  • 最新文献
  • 馆藏检索
  • 电子资源
  • 读者导购
  • 参考咨询
  • 我的图书馆
  • 登录
  • 详细信息显示
  • 放入我的书架
  • 预约/预借图书
  • 作者相关作品
  • 分类相关作品
  • 丛书相关作品
  • 出版社相关作品

书目信息

  • 表格格式
  • 工作单格式
  • 卡片格式
题名:
现代化 文化批判与重建
    
 
作者: 高长江 著
分册:  
出版信息: 长春   吉林人民出版社  2005
页数: 362页
开本: 21cm
丛书名:
单 册:
中图分类: G127.1
科图分类:
主题词: 文化--研究--中国 , 文化
电子资源:
ISBN: 7-206-03183-8
000 00822nam0 2200253 45
001 0120062000068
005 20070705145622.65
010    @a7-206-03183-8@dCNY28.80
092    @aCN@b474938
100    @a20060415d2005 em y0chiy0120 ea
101 0  @achi
102    @aCN@b220000
105    @ay z 000yy
200 1  @a现代化 文化批判与重建@9xian dai hua wen hua pi pan yu zhong jian@e文化,在现代化的时代走向何方?@f高长江著
205    @a2版
210    @a长春@c吉林人民出版社@d2005
215    @a362页@d21cm
330    @a本书主要内容:现代化与当代中国的信仰危机、大众社会的崛起与都市文化的堕落、乡村文化与现代化、现代化与世俗生活等。
606 0  @a文化@x研究@y中国
606 0  @a文化
690    @aG127.1@v4
701  0 @a高长江@9gao chang jiang@4著
801  0 @aCN@bLZJBOOK@c20070705
905    @a10447@dG127.1@e93=2
    
    现代化 文化批判与重建:文化,在现代化的时代走向何方?/高长江著.-2版.-长春:吉林人民出版社,2005
    362页;21cm
    
    
    ISBN 7-206-03183-8:CNY28.80
    本书主要内容:现代化与当代中国的信仰危机、大众社会的崛起与都市文化的堕落、乡村文化与现代化、现代化与世俗生活等。
●
相关链接 在E读中查询图书 在五车中查询图书 在当当中查询图书 在豆瓣中查询图书


正题名:现代化 文化批判与重建     索取号:G127.1/93=2         预约/预借

序号 登录号 条形码 馆藏地/架位号 状态 备注
1 0557725   205577259   第一样本阅览室/ [索取号:G127.1/93=2] 在馆    
2 0557726   205577268   第四借阅区/ [索取号:G127.1/93=2] 在馆    
3 0557727   205577277   第四借阅区/ [索取号:G127.1/93=2] 在馆    
4 0557728   205577286   第四借阅区/ [索取号:G127.1/93=2] 在馆    
5 0557729   205577295   第四借阅区/ [索取号:G127.1/93=2] 在馆    
6 0557730   205577302   第四借阅区/ [索取号:G127.1/93=2] 在馆    
7 0557731   205577311   第四借阅区/ [索取号:G127.1/93=2] 在馆    
8 0557732   205577320   第四借阅区/ [索取号:G127.1/93=2] 在馆    
唐山师范学院图书馆 欢迎您!
大连网信软件有限公司© 版权所有